=LDR 00000nam 2200000 4500 =001 INLIS000000000011389 =005 20130612102946 =008 ***********************************Ind** =035 ##$$0010-061300000011389 =041 ##$$a Ind =082 ##$$a 959.811 =090 ##$$a 959.811, Sej s =245 ##$$a Sejarah daerah propensi Daerah Isli mws Aceh, Muhammad Ibrahim...(et al) =260 ##$$a 1991 $b Jakarta =300 ##$$a VIII,277 hlm., 21 cm =650 ##$$a Sejarah- Aceh =850 ##$$a NBPNMAT